[Event "Niedersachsen-ch Seniors op 10th"]
[Site "Bad Bevensen"]
[Date "2007.07.09"]
[Round "7"]
[White "Frericks, Willy"]
[Black "Raitza, Egon"]
[Result "1-0"]
[WhiteElo "1648"]
[BlackElo "1637"]
[PlyCount "51"]
[EventDate "2007.07.03"]
[EventType "swiss"]
[EventRounds "9"]
[EventCountry "GER"]
[SourceTitle "EXT 2022"]
[Source "ChessBase"]
[SourceDate "2021.10.06"]
[SourceVersion "1"]
[SourceVersionDate "2021.10.06"]
[SourceQuality "1"]

1. d4 d5 2. e4 e6 3. Nc3 Bb4 4. Be3 dxe4 5. f3 exf3 6. Nxf3 Nf6 7. Bd3 Nbd7 8. 0-0 c6 9. Kh1 Qc7 10. Qe2 Bd6 11. Bg5 b6 12. Rae1 Bb7 13. a3 h6 14. Bxf6 gxf6 15. Ne4 Be7 16. c4 Rd8 17. b4 Kf8 18. Nh4 Bd6 19. Nxf6 e5 20. Nxd7+ Rxd7 21. Ng6+ Kg7 22. Nxh8 Kxh8 23. Qh5 Kg7 24. Qf5 Rd8 25. Qh7+ Kf8 26. Bg6 1-0

[Event "Niedersachsen-ch Seniors op 10th"]
[Site "Bad Bevensen"]
[Date "2007.07.08"]
[Round "6"]
[White "Fritsch, Wolfgang"]
[Black "Frericks, Willy"]
[Result "1-0"]
[WhiteElo "1796"]
[BlackElo "1648"]
[PlyCount "112"]
[EventDate "2007.07.03"]
[EventType "swiss"]
[EventRounds "9"]
[EventCountry "GER"]
[SourceTitle "EXT 2022"]
[Source "ChessBase"]
[SourceDate "2021.10.06"]
[SourceVersion "1"]
[SourceVersionDate "2021.10.06"]
[SourceQuality "1"]

1. e4 e5 2. Nf3 Nc6 3. Nc3 Nf6 4. Bb5 d6 5. d4 Bd7 6. Bg5 Be7 7. d5 Nb8 8. Qe2 0-0 9. 0-0 a6 10. Bd3 Bg4 11. h3 Bh5 12. Nd1 Nbd7 13. c4 Ne8 14. Bd2 Bg6 15. g4 Nc5 16. Bc2 Nf6 17. Nc3 Qc8 18. b4 Ncd7 19. Nh2 c6 20. Rad1 cxd5 21. cxd5 a5 22. a3 axb4 23. axb4 b6 24. Bd3 Qb7 25. Ra1 h6 26. f3 Ra7 27. Ba6 Qa8 28. Ra2 Nb8 29. Rfa1 Nxa6 30. Rxa6 Rxa6 31. Rxa6 Qb7 32. Qb5 Rb8 33. Be3 Nd7 34. Qa4 b5 35. Qa1 f6 36. Nf1 Be8 37. Nd2 Qc7 38. Ra7 Rb7 39. Nxb5 Qb8 40. Ra8 Rxb5 41. Rxb8 Rxb8 42. Qa3 Bd8 43. Nc4 Bb6 44. Kf2 Bc7 45. Na5 Bxa5 46. Qxa5 Kf7 47. Ke2 Rc8 48. Kd3 Ke7 49. Qa6 Rb8 50. Kc4 Nf8 51. Qa7+ Nd7 52. b5 Rc8+ 53. Kb3 Kf8 54. b6 Nc5+ 55. Bxc5 Rxc5 56. b7 Rb5+ 1-0

[Event "NRW-ch Seniors 16th"]
[Site "Hattingen"]
[Date "2005.05.24"]
[Round "4"]
[White "Bernhart, Ernst"]
[Black "Frericks, Willy"]
[Result "1-0"]
[WhiteElo "1648"]
[BlackElo "1668"]
[PlyCount "109"]
[EventDate "2005.05.21"]
[EventType "swiss"]
[EventRounds "9"]
[EventCountry "GER"]
[SourceTitle "EXT 2007"]
[Source "ChessBase"]
[SourceDate "2006.11.23"]
[SourceVersion "1"]
[SourceVersionDate "2006.11.23"]
[SourceQuality "1"]

1. c4 e5 2. Nc3 Nf6 3. g3 Nc6 4. Bg2 Bb4 5. e3 d6 6. Nge2 Be6 7. b3 Qd7 8. Bb2 a6 9. 0-0 0-0 10. d4 Bxc3 11. Bxc3 exd4 12. exd4 d5 13. Nf4 Rfd8 14. Nxe6 Qxe6 15. Re1 Qd7 16. c5 Re8 17. Qc2 Rad8 18. a3 Ne4 19. Bb2 f5 20. Rad1 g6 21. Bc1 Qf7 22. Qd3 Kg7 23. f3 Nf6 24. Bf4 h6 25. Be5 Nxe5 26. dxe5 Nd7 27. Qd4 Qe6 28. f4 c6 29. b4 g5 30. Re3 Nf8 31. Rde1 Ng6 32. Bf1 Kf7 33. Bd3 Ne7 34. fxg5 hxg5 35. Rf1 Kg7 36. h4 g4 37. Qf4 Qh6 38. Qxh6+ Kxh6 39. Bxf5 Kh5 40. Be6 Rf8 41. Bf7+ Kh6 42. e6 d4 43. Re4 d3 44. Rd1 Rd5 45. Re3 Rfd8 46. Rd2 Rd4 47. Re5 Rc4 48. h5 Rc2 49. Rd1 d2 50. Kf2 Kg7 51. Re4 Rd3 52. Rxg4+ Kh6 53. Bg6 Nxg6 54. Rxg6+ Kxh5 55. e7 1-0

[Event "NRW-ch op Seniors 14th"]
[Site "Beverungen"]
[Date "2003.06.17"]
[Round "4.21"]
[White "Frericks, Willy"]
[Black "Axnich, Hellmuth"]
[Result "0-1"]
[WhiteElo "1723"]
[BlackElo "1364"]
[PlyCount "193"]
[EventDate "2003.06.14"]
[EventType "swiss"]
[EventRounds "9"]
[EventCountry "GER"]
[SourceTitle "EXT 2004"]
[Source "ChessBase"]
[SourceDate "2003.11.25"]
[SourceVersion "1"]
[SourceVersionDate "2003.11.25"]
[SourceQuality "1"]

1. e4 c5 2. Nf3 Nf6 3. Nc3 e6 4. Bc4 a6 5. d4 cxd4 6. Nxd4 d6 7. 0-0 Be7 8. Bg5 h6 9. Bh4 0-0 10. Kh1 b5 11. Bd3 Bb7 12. f3 Nc6 13. Nxc6 Bxc6 14. Ne2 Qc7 15. c3 e5 16. Bc2 Nh5 17. Bxe7 Qxe7 18. Qd2 Rfd8 19. Qe3 Rd7 20. Rad1 Nf6 21. Ng3 Nh7 22. Nf5 Qf8 23. Bb3 Kh8 24. Rd2 Nf6 25. Rfd1 Ne8 26. Qb6 Bb7 27. Nxd6 Nxd6 28. Rxd6 Rxd6 29. Rxd6 Rb8 30. Qc7 b4 31. c4 f5 32. exf5 e4 33. g4 exf3 34. Kg1 Qe8 35. Re6 Qc8 36. Qxc8+ Rxc8 37. Rd6 Re8 38. Rd2 Re1+ 39. Kf2 Rh1 40. Kg3 Rg1+ 41. Kf2 Rxg4 42. Rd8+ Kh7 43. f6 gxf6 44. Bc2+ Kg7 45. Rd7+ Kf8 46. Rxb7 Rg2+ 47. Kxf3 Rxc2 48. Rxb4 Rxh2 49. Kg3 Rc2 50. a3 a5 51. Rb6 Kg7 52. Kg4 Rxc4+ 53. Kf5 Rc5+ 54. Ke4 Kg6 55. Kd4 Rf5 56. b4 h5 57. b5 Rf4+ 58. Kc3 h4 59. Rb8 h3 60. Rh8 Rf3+ 61. Kb2 Kg5 62. b6 a4 63. b7 Rb3+ 64. Ka2 Rxb7 65. Rxh3 Kg4 66. Rc3 Ra7 67. Rc4+ Kg5 68. Kb2 f5 69. Kc2 f4 70. Kd2 Kg4 71. Ke2 Kg3 72. Rc3+ Kg4 73. Kf2 Rb7 74. Rc4 Ra7 75. Rd4 Ra5 76. Rc4 Ra7 77. Re4 Rb7 78. Rxa4 Rb2+ 79. Kg1 Kf3 80. Rb4 Ra2 81. Rb3+ Kg4 82. Rc3 f3 83. Kf1 Kg3 84. Re3 Ra1+ 85. Re1 Rxe1+ 86. Kxe1 Kg2 87. a4 f2+ 88. Kd2 f1Q 89. a5 Qa6 90. Ke3 Qxa5 91. Kd4 Kf3 92. Kd3 Qd5+ 93. Kc3 Ke3 94. Kc2 Qd3+ 95. Kb2 Kd2 96. Ka2 Kc2 97. Ka1 0-1